书目信息 |
| 题名: |
装饰工程施工
|
|
| 作者: | 周英才 主编 | |
| 分册: | ||
| 出版信息: | 北京 高等教育出版社 2005.12 |
|
| 页数: | 322页 | |
| 开本: | 26cm | |
| 丛书名: | 银领工程 | |
| 单 册: | ||
| 中图分类: | TU767 | |
| 科图分类: | ||
| 主题词: | 建筑装饰--jian zhu zhuang shi--工程施工--高等学校--教材 | |
| 电子资源: | ||
| ISBN: | 7-04-018082-0 | |
| 000 | 00977nam 2200265 450 | |
| 001 | 012006689330 | |
| 005 | 20061018164618.98 | |
| 010 | @a7-04-018082-0@dCNY26.30 | |
| 100 | @a20061007d2005 km y0chiy0120 ea | |
| 101 | 0 | @achi |
| 102 | @aCN@b110000 | |
| 105 | @aa a 000yy | |
| 200 | 1 | @a装饰工程施工@Azhuang shi gong cheng shi gong@f周英才主编@Fzhou ying cai zhu bian |
| 210 | @a北京@c高等教育出版社@d2005.12 | |
| 215 | @a322页@c图@d26cm | |
| 225 | 2 | @a银领工程@Ayin ling gong cheng@i高等职业教育技能型紧缺人才培养培训工程系列教材 |
| 320 | @a有书目 | |
| 330 | @a本书主要内容包括外墙装饰工程、内墙装饰工程、隔墙隔断工程、楼地面装饰工程、顶棚装饰工程和门窗装饰工程等。 | |
| 410 | 0 | @12001 @a银领工程 |
| 410 | 0 | @12001 @a高等职业教育技能型紧缺人才培养培训工程系列教材 |
| 606 | 0 | @a建筑装饰@Ajian zhu zhuang shi@x工程施工@x高等学校@j教材 |
| 690 | @aTU767@v4 | |
| 701 | 0 | @a周英才@Azhou ying cai@4主编 |
| 801 | 0 | @aCN@bQSSK@c20061018 |
| 905 | @a10447@dTU767@eZ810 | |
| 装饰工程施工/周英才主编.-北京:高等教育出版社,2005.12 |
| 322页:图;26cm.-(银领工程.高等职业教育技能型紧缺人才培养培训工程系列教材) |
| ISBN 7-04-018082-0:CNY26.30 |
| 本书主要内容包括外墙装饰工程、内墙装饰工程、隔墙隔断工程、楼地面装饰工程、顶棚装饰工程和门窗装饰工程等。 |
| ● |
| 相关链接 |
|
|
|
正题名:装饰工程施工
索取号:TU767/Z810
 
预约/预借
| 序号 | 登录号 | 条形码 | 馆藏地/架位号 | 状态 | 备注 |
| 1 | 223222 | 202232226 | 建筑库201/201建筑库 47排1列1层/ [索取号:TU767/Z810] | 在馆 | |
| 2 | 223223 | 202232235 | 建筑库201/201建筑库 47排1列1层/ [索取号:TU767/Z810] | 在馆 | |
| 3 | 223224 | 202232244 | 建筑库201/201建筑库 47排1列1层/ [索取号:TU767/Z810] | 在馆 |